000 00511nam a2200181Ia 4500
003 GCL
008 140319s9999 xx 000 0 ara d
040 _aGCL /
_cGCL
082 0 4 _a814.008
_bم ب
100 1 _aمى زيادة
245 1 0 _aباحثة البادية (بحث انتقادى) /
_cمى زيادة
300 _a195 ص
490 _a100 قصة
_v0
650 0 4 _aالادب العربى
650 0 4 _aالمقالات العربية
650 0 4 _aالمرأة فى الادب
942 _2ddc
_cBK
999 _c45785
_d45785